000 00786nam a2200217Ii 4500
003 JO-AjNU
008 230605s9999||||xx |||||||||||||| ||und||
017 _a2003/1/205
040 _aJO-AjNU
_bara
_erda
_cJO-AjNU
041 _aara
050 1 4 _aHF 5657.S526 2003
100 3 _aالشرع، مجيد جاسم,
_eauthor
_933540
245 0 0 _aالمحاسبة في المنظمات المالية: المصارف وشركات التأمين التجارية
250 _aط1
264 3 1 _aعمان: المؤلف، 2003
300 _a473ص
_bيحتوي على ملاحق و ببلوغرافية من ص 444-473ص
336 _atext
_btxt
_2rdacontent
337 _aunmediated
_bn
_2rdamedia
338 _avolume
_bnc
_2rdacarrier
650 4 _aالمحاسبة - البنوك
_933541
999 _aA13663
_c17231
_d17231